Zmeny v organizácii a výkonnosť zamestnancov diplomová práca

Uložené v:
Podrobná bibliografia
Hlavný autor: Bolvanová, Lucia
Korporativný autor: Fakulta podnikového manažmentu EU. Katedra manažmentu
Ďalší autori: Gažová Adamková, Hana, 1969-
Médium: Kniha
Jazyk:Slovak
Vydavateľské údaje: Bratislava 2025
Tagy: Pridať tag
Žiadne tagy, Buďte prvý, kto otaguje tento záznam!

MARC

LEADER 00000nbm a2200000 4500
001 0309949
005 20260324104512.6
041 0 |a slo 
044 |a SK 
245 1 0 |a Zmeny v organizácii a výkonnosť zamestnancov  |b diplomová práca  |c Lucia Bolvanová ; školiteľ: Hana Gažová Adamková 
264 1 |a Bratislava  |c 2025 
300 |a 77 s. 
100 1 |a Bolvanová, Lucia 
700 1 |a Gažová Adamková, Hana, 1969- 
710 2 |a Fakulta podnikového manažmentu EU. Katedra manažmentu